000 00292nam a2200121Ia 4500
008 190216s9999||||xx |||||||||||||| ||und||
100 _aGupta R L
245 0 _a"Advanced Accouting Vol 2, 3, 4"
260 _bS Chand & Co
_c1972
300 _a1360
650 _aCommerce-Accounting
942 _cBK
999 _c5501
_d5501